000085583 001__ 85583 000085583 005__ 20191119144706.0 000085583 037__ $$aTAZ-TFG-2019-1830 000085583 041__ $$aspa 000085583 1001_ $$aBarbosa Sigüenza, Juan 000085583 24200 $$aThe Taifa states: Ethnic tensions and cultural splendor. 000085583 24500 $$aLas Taifas: Tensiones étnicas y esplendor cultural. 000085583 260__ $$aZaragoza$$bUniversidad de Zaragoza$$c2019 000085583 506__ $$aby-nc-sa$$bCreative Commons$$c3.0$$uhttp://creativecommons.org/licenses/by-nc-sa/3.0/ 000085583 520__ $$aA través de la epístola shu'ubi de Ibn gharsiyya al-Bashkunsi, Kittab saqaliba de Denia, analizaremos el divorcio en los estados taifas entre una élite gobernante alógena y la sociedad civil, y como esto provoca una constante búsqueda de legitimidad por parte de los primeros que desemboca en que el siglo XI se convierta en la época dorada de la cultura andalusí.<br /> 000085583 521__ $$aGraduado en Historia 000085583 540__ $$aDerechos regulados por licencia Creative Commons 000085583 700__ $$aLafuente Gómez, Mario$$edir. 000085583 7102_ $$aUniversidad de Zaragoza$$b $$c 000085583 8560_ $$f750804@celes.unizar.es 000085583 8564_ $$s982562$$uhttps://zaguan.unizar.es/record/85583/files/TAZ-TFG-2019-1830.pdf$$yMemoria (spa) 000085583 909CO $$ooai:zaguan.unizar.es:85583$$pdriver$$ptrabajos-fin-grado 000085583 950__ $$a 000085583 951__ $$adeposita:2019-11-19 000085583 980__ $$aTAZ$$bTFG$$cFFYL 000085583 999__ $$a20190624102631.CREATION_DATE